000
00299nam a2200121Ia 4500
008
190216s9999||||xx |||||||||||||| ||und||
100
_a
Kadannappalli P C K
245
0
_a
Agnichirakulla Kaattu
260
_b
Poorna Pubs Kozhikode
_c
1993
300
_a
76p
650
_a
Malayalam Nadakam
942
_c
BK
999
_c
27484
_d
27484